| 000 | 00556nam a2200205 a 4500 | ||
|---|---|---|---|
| 005 | 20240228063736.0 | ||
| 008 | 080409s2007 mx r 000 0 spa d | ||
| 020 | _a9703702600 | ||
| 035 | _aUPN01000155356 | ||
| 049 | _aI | ||
| 050 | 4 |
_aPZ71 _bP3.5 |
|
| 100 | 1 | _aPalomar, Juan | |
| 245 | 1 | 4 |
_aLos meses del año / _cJuan Palomar ; il. de Irla Granillo. |
| 260 |
_aMéxico : _bPlaneta, _c2007. |
||
| 300 |
_a[20] p. : _bil. col. |
||
| 440 | 0 | _aDestino | |
| 650 | 4 |
_aCuentos infantiles _96744 |
|
| 650 | 4 |
_aRimas infantiles _910247 |
|
| 905 | _aInfantil | ||
| 999 |
_c127471 _d127471 |
||